Futbal magazín obrázkový futbalový mesačník

Bibliographic Details
Other Authors: Ondrejička, Slavomír, 1948- (Publishing director)
Format: Journal
Language:Slovak
PhysicalDescription:zv. 30 cm
Published: Bratislava FM Commp Trading 1993
Bratislava Futbalpress, s.r.o.
ISSN:1335-4914
Subjects:

MARC

LEADER 00000cas a2200000 a 4500
001 vtls001466524
003 SK-MaSNL
005 20260228161120.0
008 040119c19939999xo mr p 0 0b0slo
022 |a 1335-4914 
035 |a SNK000421829 
035 |a (SVKBB03)vtls000031455 
040 |a SNK  |b slo  |c SNK  |d SAVUK  |e AACR2 
041 0 |a slo 
044 |a xo  |c SK 
072 7 |a 796  |x Šport. Hry. Telesné cvičenia  |2 konspekt 
080 |a 796.332  |2 2011 
080 |a 050  |2 2011 
080 |a 796/799(051)  |2 2011 
080 |a 796/799  |2 2011 
084 |a MIČ 495 46  |2 mksr 
210 0 |a Futbal magazín  |b (Bratisl.) 
222 0 |a Futbal magazín  |b (Bratislava) 
245 0 0 |a Futbal magazín  |b obrázkový futbalový mesačník 
246 1 3 |a Futbal magazín 
247 0 1 |a Futbalmagazín  |b obrázkový futbalový magazín  |f 1993 
260 |a Bratislava  |b FM Commp Trading  |c 1993 
260 3 |3 1994-  |a Bratislava  |b Futbalpress, s.r.o. 
300 |a zv.  |c 30 cm 
310 |a 1x mesačne 
362 0 |a Roč. 1, č. 1 (1993)- 
500 |a Šéfredaktor: Slavomír Ondrejička 
500 |a Evidenčné číslo: EV 3764/09 
515 |a Chybné číslovanie ročníkov (od r. 2015, vynechaný roč. 23) 
650 0 7 |a futbal  |2 SNKPH  |9 3291 
650 0 7 |a šport  |2 SNKPH  |9 1042 
655 7 |a športové časopisy  |2 SNKPH  |9 145628 
700 1 |a Ondrejička, Slavomír,  |d 1948-  |4 pbd  |9 180077 
850 |a Slovenská národná knižnica v Martine 
910 |a snk 
910 |a savuk 
999 |c 4373  |d 6303 
952 |t č. 1-12  |a SNK  |b SNK  |y PREZ  |7 0  |p 17A1050197  |o snkČSB 4423/14/2006 D1  |i snk2012/19587  |8 0  |0 0  |1 0  |4 0  |d 2012-10-03  |l 0  |r 2026-02-21 19:54:10  |w 2026-02-21 
952 |t č. 1-12  |a SNK  |b SNK  |y PREZ  |7 0  |p 17A1050198  |o snkČSB 4423/15/2007  |i snk2012/19588  |8 0  |0 0  |1 0  |4 0  |d 2012-10-03  |l 0  |r 2026-02-21 19:54:10  |w 2026-02-21 
952 |t č. 1-12  |a SNK  |b SNK  |y PREZ  |7 0  |p 17A1523631  |o snkČSB 4423/30/2021 D1  |i snk2024/12179  |8 0  |0 0  |1 0  |4 0  |d 2024-07-30  |l 0  |r 2026-02-21 19:59:23  |w 2026-02-21 
952 |t č. 1-12  |a SNK  |b SNK  |y PREZ  |7 0  |p 17A1523632  |o snkČSB 4423/31/2022 D1  |i snk2024/12181  |8 0  |0 0  |1 0  |4 0  |d 2024-07-30  |l 0  |r 2026-02-21 19:59:23  |w 2026-02-21 
952 |t č. 1-2  |a SNK  |b SNK  |y PREZ  |7 0  |p 17A1461542  |o snkČSB 4423/29/2020 D1  |i snk2022/3566  |8 0  |0 0  |1 0  |4 0  |d 2022-03-08  |l 0  |r 2026-02-21 20:01:39  |w 2026-02-21 
952 |t č. 1-12  |a SNK  |b SNK  |c SNK_KF  |y PREZ  |7 8  |p 17A1557854  |o snkČSB 4423/32/2023  |i snk2025/14483  |8 0  |0 0  |1 0  |4 0  |d 2025-09-16  |l 0  |r 2026-02-21 20:09:46  |w 2026-02-21 
952 |t č. 1-12  |a SNK  |b SNK  |y PREZ  |7 0  |p 17A1557855  |o snkČSB 4423/32/2023 D1  |i snk2025/14484  |8 0  |0 0  |1 0  |4 0  |d 2025-09-16  |l 0  |r 2026-02-21 20:09:46  |w 2026-02-21 
952 |t č. 1-12  |a SNK  |b SNK  |c SNK_KF  |y PREZ  |7 8  |p 17A1557856  |o snkČSB 4423/33/2024  |i snk2025/14485  |8 0  |0 0  |1 0  |4 0  |d 2025-09-16  |l 0  |r 2026-02-21 20:09:46  |w 2026-02-21 
952 |a SNK  |b SNK  |y PREZ  |7 0  |p 17A0086219  |o snkČSB 4423/1/1993  |0 0  |1 0  |4 0  |d 1997-07-24  |l 0  |r 2005-01-02 00:00:00  |w 2026-02-21 
952 |t č. 1-12, neúplný  |a SNK  |b SNK  |y PREZ  |7 0  |p 17A1050190  |o snkČSB 4423/11/2003  |i snk2012/19575  |8 0  |z Chýba č. 7 - júl 2003  |0 0  |1 0  |4 0  |d 2012-10-03  |l 0  |r 2026-02-21 20:40:52  |w 2026-02-21 
952 |t č. 1-12, neúplný  |a SNK  |b SNK  |y PREZ  |7 0  |p 17A1050191  |o snkČSB 4423/11/2003 D1  |i snk2012/19577  |8 0  |z Chýba č. 7 - Júl 2003  |0 0  |1 0  |4 0  |d 2012-10-03  |l 0  |r 2026-02-21 20:40:52  |w 2026-02-21 
952 |t č. 1-12  |a SNK  |b SNK  |y PREZ  |7 0  |p 17A1050193  |o snkČSB 4423/12/2004  |i snk2012/19578  |8 0  |0 0  |1 0  |4 0  |d 2012-10-03  |l 0  |r 2026-02-21 20:40:52  |w 2026-02-21 
952 |t č. 1-12  |a SNK  |b SNK  |y PREZ  |7 0  |p 17A1050192  |o snkČSB 4423/12/2004 D1  |i snk2012/19580  |8 0  |0 0  |1 0  |4 0  |d 2012-10-03  |l 0  |r 2026-02-21 20:40:52  |w 2026-02-21 
952 |t č. 1-12  |a SNK  |b SNK  |y PREZ  |7 0  |p 17A1050194  |o snkČSB 4423/13/2005  |i snk2012/19582  |8 0  |0 0  |1 0  |4 0  |d 2012-10-03  |l 0  |r 2026-02-21 20:40:52  |w 2026-02-21 
952 |t č. 1-12  |a SNK  |b SNK  |y PREZ  |7 0  |p 17A1050195  |o snkČSB 4423/13/2005 D1  |i snk2012/19583  |8 0  |0 0  |1 0  |4 0  |d 2012-10-03  |l 0  |r 2026-02-21 20:40:52  |w 2026-02-21 
952 |t č. 1-12  |a SNK  |b SNK  |y PREZ  |7 0  |p 17A1050196  |o snkČSB 4423/14/2006  |i snk2012/19586  |8 0  |0 0  |1 0  |4 0  |d 2012-10-03  |l 0  |r 2026-02-21 20:40:52  |w 2026-02-21 
952 |t č. 1-12  |a SNK  |b SNK  |y PREZ  |7 0  |p 17A1050199  |o snkČSB 4423/15/2007 D1  |i snk2012/19591  |8 0  |0 0  |1 0  |4 0  |d 2012-10-03  |l 0  |r 2026-02-21 20:40:52  |w 2026-02-21 
952 |t č. 1-12  |a SNK  |b SNK  |y PREZ  |7 0  |p 17A1050200  |o snkČSB 4423/16/2008  |i snk2012/19594  |8 0  |0 0  |1 0  |4 0  |d 2012-10-03  |l 0  |r 2026-02-21 20:40:52  |w 2026-02-21 
952 |t č. 1-12  |a SNK  |b SNK  |y PREZ  |7 0  |p 17A1050201  |o snkČSB 4423/16/2008 D1  |i snk2012/19595  |8 0  |0 0  |1 0  |4 0  |d 2012-10-03  |l 0  |r 2026-02-21 20:40:52  |w 2026-02-21 
952 |t č. 1-12  |a SNK  |b SNK  |y PREZ  |7 0  |p 17A1050202  |o snkČSB 4423/17/2009  |i snk2012/19598  |8 0  |0 0  |1 0  |4 0  |d 2012-10-03  |l 0  |r 2026-02-21 20:40:52  |w 2026-02-21 
952 |t č. 1-12  |a SNK  |b SNK  |y PREZ  |7 0  |p 17A1050203  |o snkČSB 4423/17/2009 D1  |i snk2012/19599  |8 0  |0 0  |1 0  |4 0  |d 2012-10-03  |l 0  |r 2026-02-21 20:40:53  |w 2026-02-21 
952 |t č. 1-12  |a SNK  |b SNK  |y PREZ  |7 0  |p 17A1050204  |o snkČSB 4423/18/2010  |i snk2012/19600  |8 0  |0 0  |1 0  |4 0  |d 2012-10-03  |l 0  |r 2026-02-21 20:40:53  |w 2026-02-21 
952 |t č. 1-12, neúplný   |a SNK  |b SNK  |y PREZ  |7 0  |p 17A1050205  |o snkČSB 4423/18/2010 D1  |i snk2012/19602  |8 0  |z Chýba č. 6  |0 0  |1 0  |4 0  |d 2012-10-03  |l 0  |r 2026-02-21 20:40:53  |w 2026-02-21 
952 |t č. 1-12  |a SNK  |b SNK  |y PREZ  |7 0  |p 17A1520082  |o snkČSB 4423/30/2021  |i snk2023/7061  |8 0  |0 0  |1 0  |4 0  |d 2023-05-02  |l 0  |r 2026-02-21 21:20:49  |w 2026-02-21 
952 |t č. 1-12  |a SNK  |b SNK  |y PREZ  |7 0  |p 17A1520081  |o snkČSB 4423/31/2022  |i snk2023/7062  |8 0  |0 0  |1 0  |4 0  |d 2023-05-02  |l 0  |r 2026-02-21 21:20:49  |w 2026-02-21 
952 |t č. 1-12  |a SNK  |b SNK  |y PREZ  |7 0  |p 17A0462410  |o snkČSB 4423/5/1997 D1  |i snkČSP 946/98  |0 0  |1 0  |4 0  |d 2005-03-22  |l 0  |r 2026-02-21 21:21:24  |w 2026-02-21 
952 |t č. 1-12, neúplný  |a SNK  |b SNK  |y PREZ  |7 0  |p 17A0462409  |o snkČSB 4423/6/1998 D1  |i snkČSP 1449/2004  |z Chýba č. 7  |0 0  |1 0  |4 0  |d 2005-03-22  |l 0  |r 2026-02-21 21:21:24  |w 2026-02-21 
952 |t č. 1-12  |a SNK  |b SNK  |y PREZ  |7 0  |p 17A0462307  |o snkČSB 4423/7/1999 D1  |i snkČSP 1451/2004  |0 0  |1 0  |4 0  |d 2005-03-22  |l 0  |r 2026-02-21 21:21:24  |w 2026-02-21 
952 |t č. 1-12  |a SNK  |b SNK  |y PREZ  |7 0  |p 17A0462306  |o snkČSB 4423/4/1996 D1  |i snkČSP 949/98  |0 0  |1 0  |4 0  |d 2005-03-22  |l 0  |r 2026-02-21 21:29:02  |w 2026-02-21 
952 |t č. 1-12  |a SNK  |b SNK  |y PREZ  |7 0  |p 17A1050206  |o snkČSB 4423/19/2011  |i snk2012/19603  |8 0  |0 0  |1 0  |4 0  |d 2012-10-03  |l 0  |r 2026-02-21 21:30:08  |w 2026-02-21 
952 |t č. 1-12  |a SNK  |b SNK  |y PREZ  |7 0  |p 17A1050207  |o snkČSB 4423/19/2011 D1  |i snk2012/19604  |8 0  |0 0  |1 0  |4 0  |d 2012-10-03  |l 0  |r 2026-02-21 21:30:08  |w 2026-02-21 
952 |t č. 1-12  |a SNK  |b SNK  |y PREZ  |7 0  |p 17A1435745  |o snkČSB 4423/29/2020  |i snk2021/10411  |8 0  |0 0  |1 0  |4 0  |d 2021-08-18  |l 0  |r 2026-02-21 21:39:21  |w 2026-02-21 
952 |t č. 1-5  |a SNK  |b SNK  |y PREZ  |7 0  |p 17A1096672  |o snkČSB 4423/1/1993 D1  |i snkČSP 4273/94  |0 0  |1 0  |4 0  |d 2015-11-24  |l 0  |r 2026-02-21 21:46:42  |w 2026-02-21 
952 |t č. 1-12  |a SNK  |b SNK  |y PREZ  |7 0  |p 17A1096673  |o snkČSB 4423/2/1994 D1  |i snkČSP 944/98  |0 0  |1 0  |4 0  |d 2015-11-24  |l 0  |r 2026-02-21 21:46:42  |w 2026-02-21 
952 |t č. 1-12  |a SNK  |b SNK  |y PREZ  |7 0  |p 17A1096674  |o snkČSB 4423/3/1995 D1  |i snkČSP 948/98  |0 0  |1 0  |4 0  |d 2015-11-24  |l 0  |r 2026-02-21 21:46:42  |w 2026-02-21 
952 |t č. 1-12  |a SNK  |b SNK  |y PREZ  |7 0  |p 17A1384368  |o snkČSB 4423/27/2018  |i snk2019/26734  |8 0  |0 0  |1 0  |4 0  |d 2019-10-21  |l 0  |r 2026-02-21 22:00:33  |w 2026-02-21 
952 |t č. 1-12  |a SNK  |b SNK  |y PREZ  |7 0  |p 17A1384369  |o snkČSB 4423/26/2017 D1  |i snk2019/26736  |8 0  |0 0  |1 0  |4 0  |d 2019-10-21  |l 0  |r 2026-02-21 22:00:33  |w 2026-02-21 
952 |t č. 1-12  |a SNK  |b SNK  |y PREZ  |7 0  |p 17A1430546  |o snkČSB 4423/27/2018 D1  |i snk2020/11959  |8 0  |0 0  |1 0  |4 0  |d 2020-07-03  |l 0  |r 2026-02-21 22:02:01  |w 2026-02-21 
952 |t č. 1-12  |a SNK  |b SNK  |y PREZ  |7 0  |p 17A1430545  |o snkČSB 4423/28/2019  |i snk2020/11967  |8 0  |0 0  |1 0  |4 0  |d 2020-07-03  |l 0  |r 2026-02-21 22:02:01  |w 2026-02-21 
952 |t č. 1-12  |a SNK  |b SNK  |y PREZ  |7 0  |p 17A1430544  |o snkČSB 4423/28/2019 D1  |i snk2020/11968  |8 0  |0 0  |1 0  |4 0  |d 2020-07-03  |l 0  |r 2026-02-21 22:02:01  |w 2026-02-21 
952 |t č. 1-12, neúplné  |a SNK  |b SNK  |y PREZ  |7 0  |p 17A1207371  |o snkČSB 4423/20/2012  |i snk2017/12263  |8 0  |z Chýba č. 9  |0 0  |1 0  |4 0  |d 2017-05-26  |l 0  |r 2026-02-21 22:17:52  |w 2026-02-21 
952 |t č. 1-12  |a SNK  |b SNK  |y PREZ  |7 0  |p 17A1207372  |o snkČSB 4423/21/2013  |i snk2017/12264  |8 0  |0 0  |1 0  |4 0  |d 2017-05-26  |l 0  |r 2026-02-21 22:17:52  |w 2026-02-21 
952 |t č. 1-12  |a SNK  |b SNK  |y PREZ  |7 0  |p 17A1207373  |o snkČSB 4423/22/2014  |i snk2017/12265  |8 0  |0 0  |1 0  |4 0  |d 2017-05-26  |l 0  |r 2026-02-21 22:17:52  |w 2026-02-21 
952 |t č. 1-12  |a SNK  |b SNK  |y PREZ  |7 0  |p 17A1207374  |o snkČSB 4423/24/2015  |i snk2017/12266  |8 0  |0 0  |1 0  |4 0  |d 2017-05-26  |l 0  |r 2026-02-21 22:17:52  |w 2026-02-21 
952 |t č. 1-12  |a SNK  |b SNK  |y PREZ  |7 0  |p 17A1207375  |o snkČSB 4423/25/2016  |i snk2017/12267  |8 0  |0 0  |1 0  |4 0  |d 2017-05-26  |l 0  |r 2026-02-21 22:17:52  |w 2026-02-21 
952 |t č. 1-12, neúplné  |a SNK  |b SNK  |y PREZ  |7 3  |p 17A1207376  |o snkČSB 4423/20/2012 D1  |i snk2017/12268  |8 0  |z Chýba č. 9  |0 0  |1 0  |4 0  |d 2017-05-26  |l 0  |r 2026-02-21 22:17:52  |w 2026-02-21 
952 |t č. 1-12, neúplné  |a SNK  |b SNK  |y PREZ  |7 3  |p 17A1207377  |o snkČSB 4423/21/2013 D1  |i snk2017/12269  |8 0  |z Chýba č. 8  |0 0  |1 0  |4 0  |d 2017-05-26  |l 0  |r 2026-02-21 22:17:52  |w 2026-02-21 
952 |t č. 1-12  |a SNK  |b SNK  |y PREZ  |7 0  |p 17A1207378  |o snkČSB 4423/22/2014 D1  |i snk2017/12270  |8 0  |0 0  |1 0  |4 0  |d 2017-05-26  |l 0  |r 2026-02-21 22:17:52  |w 2026-02-21 
952 |t č. 1-12  |a SNK  |b SNK  |y PREZ  |7 0  |p 17A1207379  |o snkČSB 4423/24/2015 D1  |i snk2017/12271  |8 0  |0 0  |1 0  |4 0  |d 2017-05-26  |l 0  |r 2026-02-21 22:17:52  |w 2026-02-21 
952 |t č. 1-12  |a SNK  |b SNK  |y PREZ  |7 0  |p 17A1314915  |o snkČSB 4423/8/2000 D1  |i snk2004/1443  |8 0  |z č. 1-12  |0 0  |1 0  |4 0  |d 2019-07-08  |l 0  |r 2026-02-21 22:21:16  |w 2026-02-21 
952 |t č. 1-12  |a SNK  |b SNK  |y PREZ  |7 0  |p 17A1314916  |o snkČSB 4423/9/2001 D1  |i snk2004/1445  |8 0  |z č. 1-12  |0 0  |1 0  |4 0  |d 2019-07-08  |l 0  |r 2026-02-21 22:21:16  |w 2026-02-21 
952 |t č. 1-12, neúplný  |a SNK  |b SNK  |y PREZ  |7 0  |p 17A1314917  |o snkČSB 4423/10/2002 D1  |i snk2004/1447  |8 0  |z Chýba č. 7  |0 0  |1 0  |4 0  |d 2019-07-08  |l 0  |r 2026-02-21 22:21:16  |w 2026-02-21 
952 |t č. 1-12  |a SNK  |b SNK  |y PREZ  |7 0  |p 17A1327725  |o snkČSB 4423/25/2016 D1  |i snk2018/18273  |8 0  |0 0  |1 0  |4 0  |d 2018-09-07  |l 0  |r 2026-02-21 22:27:17  |w 2026-02-21 
952 |t č. 1-12  |a SNK  |b SNK  |y PREZ  |7 0  |p 17A1327726  |o snkČSB 4423/26/2017  |i snk2018/18274  |8 0  |0 0  |1 0  |4 0  |d 2018-09-07  |l 0  |r 2026-02-21 22:27:17  |w 2026-02-21